Kirjaimella C alkavia sanoja - Statistics

Yleistilastot
  • Tätä visaa on pelattu 1 336 kertaa
  • Keskiarvotulos 12 / 20
Vastaustilastot
Määritelmä Sana % Oikein
Urheilulaji, jossa pyöreitä graniittikiviä liu'utetaan jäällä Curling
95%
Jonkun muun kuin alkuperäisen esittäjän musiikkikappaleesta tekemä versio Cover
89%
SI-järjestelmän lämpötilan johdannaisyksikkö Celsiusaste
86%
Urheilujoukkueen kannustamisesta kehittynyt akrobaattinen joukkuelaji Cheerleading
85%
Alkoholipohjainen juomasekoitus Cocktail
76%
Kapsaisiinipitoinen paprika Chili
75%
Nimitys reaaliaikaiselle keskustelulle Internetin välityksellä Chatti
74%
Espresso, johon on lisätty maitoa ja maitovaahtoa Cappuccino
73%
Pohjoisamerikkalainen karjapaimen Cowboy
71%
Munuaispuun hedelmä, jota kutsutaan pähkinäksi Cashewpähkinä
64%
Yleensä keräkaalista, porkkanasta ja majoneesista koostuva salaatti Coleslaw
63%
Populaarikulttuurin hahmoiksi pukeutuminen Cosplay
62%
Englantilainen lehmänmaidosta valmistettu kova juusto Cheddar
53%
Ylennetty C-nuotti Cis
44%
Toinen nimitys skotlanninpaimenkoirille Collie
44%
Henkilön omaa itseään esittävä rooli elokuvassa Cameo
41%
Venetsialaisen seikkailijan nimestä tullut käsite useassa rakkaussuhteessa olevalle miehelle Casanova
34%
Energinen kabareetanssi, jolle on ominaista sääripotkut ja hameen nostot Can-can
32%
Upseeriarvo antiikin Roomassa, toiselta nimeltään "sadanpäämies" Centurio
14%
Trinidadilta lähtöisin oleva karibialainen afrikkalaisvaikutteinen kansanmusiikkityyli Calypso
8%
Ehtoja vastaavia visoja ei löytynyt
Tulosjakauma
Jokaisen tuloksen saaneiden osuus
Persentiili vastausten määrän mukaan
Tuloshistoriasi
Et ole pelannut tätä visaa